000 00594nam a2200217Ii 4500
003 JO-AjNU
008 230606s9999||||xx |||||||||||||| ||und||
020 _a978-1-86189-328-4
040 _aJO-AjNU
_beng
_erda
_cJO-AjNU
041 _aeng
050 1 4 _aTC540 2008
100 3 _aTurpin , Trevor,
_eauthor
_95185
245 0 0 _aDam
250 _a1 ed
264 3 1 _aLondon: Reaktion Books,2008
300 _a256p
336 _atext
_btxt
_2rdacontent
337 _aunmediated
_bn
_2rdamedia
338 _avolume
_bnc
_2rdacarrier
650 4 _aDams -Design and construction/Dams-history
_95186
999 _aE2680
_c2678
_d2678